00360pab a2200133 454500008004000000100002700040245004900067260000900116300001300125362001000138650003300148650002500181773002000206180718b2007 xxu||||| |||| 00| 0 eng d aPrasad, V. Vijay Durga aManagement education in India: SWOT analysis c2007 ap.15-17. a5 Feb aManagement education - India aManagement education aUniversity News